000
00334nam a2200145Ia 4500
008
230718s9999 xx 000 0 und d
041
_a
Eng.
082
_a
297125
_b
YEN-W
100
_a
Yenser, Pref. Muhammad
245
0
_a
Warning to man
260
_a
Pakistan
_b
Walay bastons
_c
2002
300
_a
114
650
_a
Law
999
_c
26684
_d
26684